| 000 | 01148nam a2200265 a 4500 | ||
|---|---|---|---|
| 001 | BRCA_8846 | ||
| 003 | FranzMayer | ||
| 005 | 20230811143005.0 | ||
| 008 | 120517s1777----sp-#######---#000-0#spa-# | ||
| 040 | _cMFM | ||
| 041 | _aspa | ||
| 044 | _asp | ||
| 084 |
_aBE228 _b.B66 1777 |
||
| 100 | 1 |
_aBoneta, Josef _d1638 - 1714 _922035 |
|
| 245 | 1 | 0 |
_aGracias de la gracia, saladas agudezas de los santos _binsinuación de algunas de sus virtudes, exemplos de la virtud de la eutropelia, dedicada a quien esta en gracia de Dios, Servite Domine in Laetitia, Psalm.99. _csu autor el Doctor Josef Boneta Racionero de la Santa Iglesia del Salvador de la Ciudad de Zaragosa. |
| 260 |
_aMadrid _bEn la Imprenta de Pedro Marin _c1777 |
||
| 300 |
_a[26], [3], 397 p. _c15.8 x 10.5 cm. |
||
| 500 | _aCon licencia | ||
| 500 | _aEn portada: Corregido, y en mendado en esta quinta impresión | ||
| 500 | _aEstado físico: presenta encuadernación en pergamino con cintas rotas y presencia del pez de plata | ||
| 500 | _aIncluye una estampa de la virgen de Guadalupe, suelta. | ||
| 650 | 1 | 4 |
_aSantos _vBibliografías _922036 |
| 902 | _aCFM | ||
| 942 |
_2lcc _cB |
||
| 999 |
_c8497 _d8497 |
||